Discourse and Digital Practices (Record no. 92931)

MARC details
000 -LEADER
fixed length control field 02030nam a2200241Ii 4500
008 - FIXED-LENGTH DATA ELEMENTS--GENERAL INFORMATION
fixed length control field 221202s xx 000 0 und d
245 #0 - TITLE STATEMENT
Title Discourse and Digital Practices
246 ## - VARYING FORM OF TITLE
Title proper/short title Doing discourse analysis in the digital age (Edition 1)
264 ## - PRODUCTION, PUBLICATION, DISTRIBUTION, MANUFACTURE, AND COPYRIGHT NOTICE
Name of producer, publisher, distributor, manufacturer Routledge
Date of production, publication, distribution, manufacture, or copyright notice 2015
300 ## - PHYSICAL DESCRIPTION
Extent 1 online resource
336 ## - CONTENT TYPE
Content type term text
Content type code txt
Source rdacontent
337 ## - MEDIA TYPE
Media type term computer
Media type code c
Source rdamedia
338 ## - CARRIER TYPE
Carrier type term online resource
Carrier type code cr
Source rdacarrier
520 ## - SUMMARY, ETC.
Summary, etc. Discourse and Digital Practices shows how tools from discourse analysis can be used to help us understand new communication practices associated with digital media, from video gaming and social networking to apps and photo sharing. This cutting-edge book:draws together fourteen eminent scholars in the field including James Paul Gee, David Barton, Ilana Snyder, Phil Benson, Victoria Carrington, Guy Merchant, Camilla Vasquez, Neil Selwyn and Rodney Jones answers the central question: How does discourse analysis enable us to understand digital practices?addresses a different type of digital media in each chapterdemonstrates how digital practices and the associated new technologies challenge discourse analysts to adapt traditional analytic tools and formulate new theories and methodologiesexamines digital practices from a wide variety of approaches including textual analysis, conversation analysis, interactional sociolinguistics, multimodal discourse analysis, object ethnography, geosemiotics, and critical discourse analysis. Discourse and Digital Practices will be of interest to advanced students studying courses on digital literacies or language and digital practices.
653 ## - INDEX TERM--UNCONTROLLED
Uncontrolled term Language Arts & Disciplines
653 ## - INDEX TERM--UNCONTROLLED
Uncontrolled term Language Arts & Disciplines
653 ## - INDEX TERM--UNCONTROLLED
Uncontrolled term Linguistics
700 1# - ADDED ENTRY--PERSONAL NAME
Personal name Chik, Alice
700 1# - ADDED ENTRY--PERSONAL NAME
Personal name Hafner, Christoph A.
700 1# - ADDED ENTRY--PERSONAL NAME
Personal name Jones, Rodney H.
856 ## - ELECTRONIC LOCATION AND ACCESS
Uniform Resource Identifier <a href="https://docs.google.com/spreadsheets/d/1yKIrdCPDAG_9c22mwoOIO2DOhtj65Wqa/edit?usp=sharing&ouid=106555315294820607512&rtpof=true&sd=true ">https://docs.google.com/spreadsheets/d/1yKIrdCPDAG_9c22mwoOIO2DOhtj65Wqa/edit?usp=sharing&ouid=106555315294820607512&rtpof=true&sd=true </a>
Link text List of Curated E-Books
942 ## - ADDED ENTRY ELEMENTS (KOHA)
Koha item type E-Book

No items available.

University of Rizal System
Email us at univlibservices@urs.edu.ph

Visit our Website www.urs.edu.ph/library